| 000 | 00623nam a2200169Ia 4500 | ||
|---|---|---|---|
| 008 | 090201s9999 xx 000 0 und d | ||
| 010 | _aKPL-11871 | ||
| 040 | _bमराठी | ||
| 041 | _aमराठी | ||
| 082 |
_a27784 _b11871 |
||
| 100 | _aगं. बा. सरदार | ||
| 245 |
_aज्ञानेश्वरांची जीवननिष्ठा _cगं. बा. सरदार |
||
| 260 |
_c2004 _bकौशिक व्याख्यानमाला |
||
| 300 |
_a109 _bमोठा |
||
| 600 | _aज्ञानेश्वरांची जीवननिष्ठा | ||
| 942 | _cBOOK | ||
| 999 |
_c226607 _d226607 |
||